| 000 | 00707nam a2200229 a 4500 | ||
|---|---|---|---|
| 005 | 20240228063846.0 | ||
| 008 | 031017s1999 mx r 000 0 spa d | ||
| 020 | _a9681660234 | ||
| 035 | _aUPN01000130271 | ||
| 049 | _aI | ||
| 050 | 4 |
_aPZ71 _bF6.6 |
|
| 100 | 1 | _aFox, Mem | |
| 245 | 1 | 1 |
_a¿Qué crees ? / _cMem Fox ; il. Vivienne Goodman ; tr. Diana Luz Sánchez. |
| 260 |
_aMéxico : _bFCE, _c1999. |
||
| 300 |
_a[28] p. : _bprincipalmente il. col. |
||
| 440 | 4 | _aLos especiales de a la orilla del viento | |
| 534 |
_pTraducción de: _tGuess what? |
||
| 650 | 4 |
_aCuentos infantiles _96744 |
|
| 650 | 4 |
_aLibros y lectura para niños _92290 |
|
| 700 | 1 |
_aGoodman, Vivienne, _eil. |
|
| 905 | _aInfantil | ||
| 999 |
_c102428 _d102428 |
||